00892 a2200193 4500003000500000005001700005040000900022082001200031100003200043245006800075250001600143260004100159300002700200505030200227650002000529942001200549999001900561952011800580Nust20230321120613.0 cNust a657,SHI aShillinglaw, Gordon.944634 aCost accounting : banalysis and control /cGordon Shillinglaw, arevised ed. aHomewood,b Ill., R.D. Irwin,c1967. axviii, 913 p.b 24 cm. aPart.1 Cost Accounting and its Setting (Page-1), Part.2 Measurement of Product Cost (Page-79), Part.3 Control of Operating Costs (Page-275), Part.4 Public Financial Reporting (Page-533), Part.5 Incremental Analysis for Decisions (Page-561), Part.6 Profit Planning and Control Systems (Page-745).  aCost accounting 2ddccBK c185941d185941 00102ddc4070aMCSbMCScGENd2016-12-12o657,SHIpMCS69r2016-12-08w2016-12-12yBKzAlmirah No.75, Shelf No.1